| 000 | 00762nam a22002175i 4500 | ||
|---|---|---|---|
| 001 | 161160 | ||
| 003 | ES-MaACL | ||
| 005 | 20230906212214.0 | ||
| 008 | 041020q18501900gw |||| | fre d | ||
| 040 |
_aCAM _bspa _cCAM |
||
| 100 | 1 |
_aOtto, Emil. _987950 |
|
| 245 | 1 | 1 | _a[Grammaire allemande]. |
| 260 |
_aHeildelberg : _b[s.n., _cs.a.] ( _fImprimerie de Jules Groos) |
||
| 300 |
_aXIV, 480 p., [2] h. ; _c18 cm. |
||
| 594 | _aTit. y autor tomado de pie de pag. 289. | ||
| 596 | _aPie de imp. tomado de colofón. | ||
| 596 | _aProbablemente impreso en la segunda mitad del siglo XIX. | ||
| 599 | _aLas [2] h. con el alfabeto alemán. | ||
| 650 | 4 |
_aLengua alemana- _xGramática. _914085 |
|
| 852 |
_aES-MaACL _jG-14293 _z-- Enc. hol. _q-- Falto de la port. |
||
| 999 |
_c161160 _d161160 |
||